000 00691nam a2200229 a 4500
001 000039103
005 20240530073921.0
008 100322s2009 dr 000 f spa d
020 _z99945068986
040 _aDO-SdBNP
_bspa
_cBNPHU
082 _aRD863.44
_bV443ang
100 1 _aVeloz Maggiolo, Marcio,
_d1936-2021
_91104
245 1 4 _aLos ángeles de hueso /
_cMarcio Veloz Maggiolo.
260 _aSanto Domingo :
_bSantuario,
_c2009.
300 _a139 p. ;
_c21cm.
490 1 _aSantuario
590 _aInventariado, 2020 / DG
650 0 _aNovela dominicana
_9223
650 0 _aLiteratura dominicana.
_967
830 0 _aSantuario
_91539
910 _aValidado. Control de calidad MFF
999 _c38593
_d38593